000 00428nam a2200193Ia 4500
005 20240823034411.0
008 240823s9999||||xx |||||||||||||| ||und||
020 _a81-264-1276-3
041 _aMALAYALAM
082 _A808.83 P6
100 _aSreekrishna Alanahally
245 0 _aKadu
250 _a1st
260 _c2006
_b"D C Books,Kot"
500 _aYES
650 _aNovel
_bEnglish
942 _cBK
999 _c198162
_d198162